000 00894nam a22002417a 4500
999 _c3735
_d3735
003 OSt
005 20241004100423.0
008 241004b ||||| |||| 00| 0 eng d
020 _a9780241558317
040 _cKH8
082 _aFIC DAH
100 _aDahl, Roald,
_eauthor.
245 _aMatilda /
_cRoald Dahl.
260 _aLondon;
_bPuffin,
_c2022.
300 _a358 pages:
_billustrations;
_c20 cm.
520 _a'Matilda is a brilliant child with a magical mind. But her parents have decided she is a waste of space. And her headmistress, Miss Trunchbull is a terrible bully, who thinks children are rotten and awful and should be locked up
650 _a Children's / Teenage fiction & true stories
650 _aChildren's / Teenage fiction: Classic fiction
650 _aFamily issues
650 _aGifted children
700 _aBlake, Quentin,
_eillustrator.
942 _2ddc
_cFIC